书目信息 |
| 题名: |
发展城市 减少贫困
|
|
| 作者: | 坦纳菲尔德 , Tannerfeldt , 卢詹克 , Ljung 著 ;刘超 , 陈亮 译 | |
| 分册: | ||
| 出版信息: | 北京 科学出版社 2008.11 |
|
| 页数: | 220页 | |
| 开本: | 24cm | |
| 丛书名: | ||
| 单 册: | ||
| 中图分类: | F299.11 | |
| 科图分类: | ||
| 主题词: | 发展中国家--城市经济--经济发展--研究 , 发展中国家 , 城市经济 , 经济发展 | |
| 电子资源: | ||
| ISBN: | 978-7-03-022991-5 | |
| 000 | 01418nam0 2200349 450 | |
| 001 | 010050000922 | |
| 005 | 20091202085414.50 | |
| 010 | @a978-7-03-022991-5@dCNY80.00 | |
| 100 | @a20081119d2008 em y0chiy0110 ea | |
| 101 | 1 | @achi@cswe |
| 102 | @aCN@b110000 | |
| 105 | @aa z 000yy | |
| 106 | @ar | |
| 200 | 1 | @a发展城市 减少贫困@9fa zhan cheng shi jian shao pin kun@e城市发展与管理导论@f(瑞典)戈兰·坦纳菲尔德(Goran Tannerfeldt),(瑞典)佩尔·卢詹克(Per Ljung)著@g刘超,陈亮译 |
| 210 | @a北京@c科学出版社@d2008.11 | |
| 215 | @a220页@c图,照片@d24cm | |
| 330 | @a本书作者站在国际开发与捐赠机构的立场上,对全球的城市化进程进行了回顾及分析,以发展的视角,通过大量数据和事实评价,指出城市化是全球不可逆转的发展趋势,它不应视为负面威胁,而应视为经济、社会、文化发展的必然要求和结果。 | |
| 510 | 1 | @aMore urban less poor@ean introduction to urban development and management@zeng |
| 517 | 1 | @a城市发展与管理导论@9cheng shi fa zhan yu guan li dao lun |
| 606 | 0 | @a发展中国家@x城市经济@x经济发展@x研究 |
| 606 | 0 | @a发展中国家 |
| 606 | 0 | @a城市经济 |
| 606 | 0 | @a经济发展 |
| 690 | @aF299.11@v4 | |
| 701 | 1 | @a坦纳菲尔德@9tan na fei er de@bG.@4著 |
| 701 | 1 | @aTannerfeldt@bGoran@4著 |
| 701 | 1 | @a卢詹克@9lu zhan ke@bP.@4著 |
| 701 | 1 | @aLjung@bPer@4著 |
| 702 | 0 | @a刘超@9liu chao@4译 |
| 702 | 0 | @a陈亮@9chen liang@4译 |
| 801 | 0 | @aCN@bRENTIAN@c20091202 |
| 905 | @b794510-14@dF299.11@e726@f5 | |
| 发展城市 减少贫困:城市发展与管理导论/(瑞典)戈兰·坦纳菲尔德(Goran Tannerfeldt),(瑞典)佩尔·卢詹克(Per Ljung)著/刘超,陈亮译.-北京:科学出版社,2008.11 |
| 220页:图,照片;24cm |
| ISBN 978-7-03-022991-5:CNY80.00 |
| 本书作者站在国际开发与捐赠机构的立场上,对全球的城市化进程进行了回顾及分析,以发展的视角,通过大量数据和事实评价,指出城市化是全球不可逆转的发展趋势,它不应视为负面威胁,而应视为经济、社会、文化发展的必然要求和结果。 |
| ● |
| 相关链接 |
|
|
|
|
正题名:发展城市 减少贫困
索取号:F299.11/726
 
预约/预借
| 序号 | 登录号 | 条形码 | 馆藏地/架位号 | 状态 | 备注 |
| 1 | 794510 | 207945107 | 第一样本阅览室/ [索取号:F299.11/726] | 在馆 | |
| 2 | 794511 | 207945116 | 第一借阅区/ [索取号:F299.11/726] | 在馆 | |
| 3 | 794512 | 207945125 | 第一借阅区/ [索取号:F299.11/726] | 在馆 | |
| 4 | 794513 | 207945134 | 第一借阅区/ [索取号:F299.11/726] | 在馆 | |
| 5 | 794514 | 207945143 | 第一借阅区/ [索取号:F299.11/726] | 在馆 |